000 00280nam a22001097a 4500
999 _c167450
_d167450
082 _a
_b
100 _aEladam N R
245 _aKeral ki samaskriti par Keral ke lok geethom ka prabhav/
_cby Eladam N R.
260 _aMathura:
_bJawahar Pustakalay,
_c
650 _a
942 _cBK